LEADER 01288nam0-22003491i-450- 001 990001849940403321 005 20080626132825.0 035 $a000184994 035 $aFED01000184994 035 $a(Aleph)000184994FED01 035 $a000184994 100 $a20030910d1997----km-y0itay50------ba 101 0 $aeng 102 $aIT 105 $ay-------001yy 200 1 $aFirst record of tetrasporophytes of Polysiphonia funebris De Notaris ex J. Agardh (Rhodomelaceae, Rhodophyta) from the Mediterranean Sea, with taxonomic considerations$fFabio Pizzuto, Donatella Serio, Giovanni Furnari 210 $aFirenze$c[s.e.]$d1997 215 $ap. 1072-1077$d1997. 300 $aEstr. da: Giornale botanico italiano, 130(4-5-6):1072-1077,1997 610 0 $aPolysiphonia 610 0 $aAlghe 676 $a589.3 700 1$aPizzuto,$bFabio$0358153 701 1$aFurnari,$bGiovanni$081320 701 1$aSerio,$bDonatella$0358155 801 0$aIT$bUNINA$gRICA$2UNIMARC 901 $aBK 912 $a990001849940403321 952 $a60 MISC. A 63/97-33$fFAGBC 959 $aFAGBC 996 $aFirst record of tetrasporophytes of Polysiphonia funebris De Notaris ex J. Agardh (Rhodomelaceae, Rhodophyta) from the Mediterranean Sea, with taxonomic considerations$9413429 997 $aUNINA LEADER 01217nam0-22004331i-450- 001 990006294960403321 005 20131016100126.0 010 $a88-14-05643-9 035 $a000629496 035 $aFED01000629496 035 $a(Aleph)000629496FED01 035 $a000629496 100 $a20111024d1996----km-y0itay50------ba 101 0 $aita 102 $aIT 105 $ay---n---001yy 200 1 $aImposte di registro e di successione$eprofili soggettivi ed implicazioni costituzionali$fSimone Ghinassi 210 $aMilano$cGiuffrè$d1996 215 $aXIII, 166 p.$d24 cm 225 1 $a<>ordinamento tributario italiano$v26 676 $a343.04$v20$zita 676 $a346.05 700 1$aGhinassi,$bSimone$0407200 801 0$aIT$bUNINA$gRICA$2UNIMARC 901 $aBK 912 $a990006294960403321 952 $aDT V/86$b15726$fDEC 952 $aH-151$b7653 dip.$fDDRC 952 $aXIV C 283 (26)$b31412*$fFGBC 952 $aH 1232$bs.i.$fDSS 952 $aI 7 (22)$b2532$fDSS 952 $a18-A-167$b8778$fDDCP 959 $aDEC 959 $aDDRC 959 $aDSS 959 $aFGBC 959 $aDDCP 996 $aImposte di registro e di successione$967378 997 $aUNINA